2010s Oscar Nominations for Best Animated Film - Picture - Statistics

General Stats
  • This quiz has been taken 49 times
  • The average score is 27 of 49
Answer Stats
Picture Hint Answer % Correct
2010 - winner Toy Story 3
100%
2013 - winner Frozen
97%
2011 - nominee Puss in Boots
95%
2012 - nominee Wreck-it Ralph
95%
2012 - winner Brave
92%
2017 - winner Coco
92%
2010 - nominee How to Train Your Dragon
92%
2016 - nominee Moana
92%
2019 - winner Toy Story 4
92%
2016 - winner Zootopia
92%
2013 - nominee Despicable Me 2
89%
2015 - winner Inside Out
89%
2014 - nominee How to Train Your Dragon 2
86%
2018 - nominee Incredibles 2
86%
2011 - nominee Kung Fu Panda 2
86%
2011 - winner Rango
86%
2017 - nominee The Boss Baby
86%
2014 - winner Big Hero 6
84%
2013 - nominee The Croods
84%
2018 - winner Spider-Man: Into the Spider-Verse
81%
2019 - nominee How to Train Your Dragon: The Hidden World
78%
2015 - nominee Shaun the Sheep Movie
73%
2018 - nominee Ralph Breaks the Internet
68%
2017 - nominee Ferdinand
57%
2012 - nominee Frankenweenie
57%
2018 - nominee Isle of Dogs
49%
2019 - nominee Klaus
43%
2012 - nominee The Pirates! Band of Misfits
38%
2014 - nominee The Boxtrolls
35%
2017 - nominee Loving Vincent
32%
2012 - nominee ParaNorman
32%
2019 - nominee Missing Link
30%
2014 - nominee The Tale of the Princess Kaguya
27%
2016 - nominee Kubo and the Two Strings
24%
2016 - nominee The Red Turtle
24%
2013 - nominee Ernest & Celestine
22%
2019 - nominee I Lost My Body
22%
2015 - nominee Anomalisa
19%
2016 - nominee My Life as a Courgette
19%
2017 - nominee The Breadwinner
19%
2010 - nominee The Illusionist
19%
2013 - nominee The Wind Rises
19%
2011 - nominee A Cat in Paris
16%
2017 (the author of this quiz thinks this film was ROBBED) A Silent Voice
16%
2014 - nominee Song of the Sea
16%
2015 - nominee When Marnie Was There
14%
2018 - nominee Mirai
11%
2015 - nominee Boy and the World
5%
2011 - nominee Chico and Rita
5%
No matching quizzes found
Score Distribution
Percent of People with Each Score
Percentile by Number Answered
Your Score History
You have not taken this quiz